K organizácii nákupu vo výrobných podnikoch na území Slovenskej republiky

Poslanie nákupu a činnosť nákupcu na trhu výrobnej sféry. Riešenie organizácie nákupu v podniku. Výsledky prieskumu o organizácii nákupu v slovenských podnikoch.

Enregistré dans:
Détails bibliographiques
Auteur principal: Kita, Jaroslav
Format: Chapitre de livre
Langue:slovaque
Sujets:
Tags: Ajouter un tag
Pas de tags, Soyez le premier à ajouter un tag!

MARC

LEADER 00000naa$a2200000$$$4500
001 0063341
005 20240502071728.5
041 0 |a slo 
044 |a SK 
245 1 0 |a K organizácii nákupu vo výrobných podnikoch na území Slovenskej republiky  |c Jaroslav Kita 
520 |a Poslanie nákupu a činnosť nákupcu na trhu výrobnej sféry. Riešenie organizácie nákupu v podniku. Výsledky prieskumu o organizácii nákupu v slovenských podnikoch. 
610 2 0 |a podnik výrobný 
610 2 0 |a Slovensko 
610 2 0 |a nákup 
610 2 0 |a reťazce dodávateľsko-odberateľské 
610 2 0 |a marketing 
100 1 |a Kita, Jaroslav